000 00830nas a2200253 4500
001 BR2012005829
003 BR-BrBNA
005 20231205121102.0
007 ta
008 230509b bl.|||p| |||| 00| 00por d
040 _aBR-BrBNA
_bpor
_cBiblioteca Nacional de Agricultura
041 _a(Pt)
072 _aP40; U10; F06
100 1 _aSousa, J.S.C. de
111 1 _a4º WINOTEC
_cFortaleza, CE (Brazil)
_d28-31 May 2012
245 1 _aProcal_ETO: Programa Computacional para Cálculo da ETo pelo método de Penman-Monteith
650 _aTECNOLOGIA DA INFORMAÇÃO
650 _aPROGRAMA DE COMPUTADOR
650 _aIRRIGAÇÃO
650 _aEVAPOTRANSPIRAÇÃO
773 0 _tIrriga (Brazil)
_xISSN 1808-3765
_g(2012), nº. 1 p. 380-395
_wBR2012005829
909 _a202311
_bLúcia
_c55
_dLúcia Elande
942 _2AGRIS
_n0
_cANA
999 _c221761
_d221761